000 00322pab a2200133 454500
008 180718b xxu||||| |||| 00| 0 eng d
100 _aGanesan K.
245 _aSeshan vs law
362 _a31 Oct 1994, p.13
650 _a Election Law -- India
650 _aElections -- India
773 _aHindustan Times
909 _a27809
999 _c27809
_d27809